[Event "Gibraltar Masters 2020"]
[Site "Caleta ENG"]
[Date "2020.01.21"]
[Round "1.14"]
[White "Saric, Ivan"]
[Black "Pigott, John C"]
[Result "1-0"]
[WhiteTitle "GM"]
[BlackTitle "IM"]
[WhiteElo "2655"]
[BlackElo "2370"]
[WhiteFideId "14508150"]
[BlackFideId "400459"]
[EventDate "2020.01.21"]

1. e4 e6 2. d4 d5 3. Nc3 Nf6 4. Bg5 Bb4 5. e5 h6 6. Bc1 Ne4 7. Qg4 Kf8 8. Ne2 c5
9. a3 h5 10. Qf3 Bxc3+ 11. Nxc3 Nc6 12. Nxe4 dxe4 13. Qxe4 Qxd4 14. Qxd4 Nxd4
15. Bd3 c4 16. Be4 Bd7 17. Be3 Bc6 18. Bxc6 Nxc2+ 19. Kd2 Nxa1 20. Bxb7 Rb8 21.
Be4 Nb3+ 22. Kc3 Na5 23. Bxa7 Rb3+ 24. Kc2 Rb5 25. f4 g6 26. a4 Rb3 27. Bd4 Kg7
28. Bc3 Nb7 29. Rd1 Nc5 30. Bc6 Rc8 31. Rd6 Kf8 32. a5 Ke7 33. Bf3 f5 34. a6 Ne4
35. Bxe4 fxe4 36. Kd2 Rb5 37. Ke3 Rd5 38. Rb6 Rd7 39. Bd4 Rdc7 40. Kxe4 Rc6 41.
Rb7+ R6c7 42. Rb4 Ra8 43. a7 Kd7 44. g3 Rcc8 45. h3 Rc7 46. g4 hxg4 47. hxg4
Rcc8 48. f5 gxf5+ 49. gxf5 exf5+ 50. Kxf5 Rf8+ 51. Ke4 c3 52. bxc3 Kc6 53. e6
Kd6 54. Rb6+ Kc7 55. Rb8 Kc6 56. Be5 1-0

[Event "Gibraltar Masters 2020"]
[Site "Caleta ENG"]
[Date "2020.01.21"]
[Round "1.58"]
[White "Muzychuk, Anna"]
[Black "Fernandez, Maria Florencia"]
[Result "1/2-1/2"]
[WhiteTitle "GM"]
[BlackTitle "WIM"]
[WhiteElo "2539"]
[BlackElo "2227"]
[WhiteFideId "14111330"]
[BlackFideId "116459"]
[EventDate "2020.01.21"]

1. e4 c5 2. Nf3 d6 3. d4 cxd4 4. Nxd4 Nf6 5. Nc3 g6 6. Be3 Bg7 7. f3 O-O 8. Qd2
Nc6 9. O-O-O d5 10. Nxc6 bxc6 11. Bh6 Be6 12. Bxg7 Kxg7 13. exd5 cxd5 14. g4 Qc7
15. h4 h5 16. g5 Nd7 17. Nxd5 Bxd5 18. Qxd5 Rfd8 19. Be2 Rac8 20. c3 Qf4+ 21.
Qd2 Qb8 22. Qe3 e6 23. Rd4 Nb6 24. Rxd8 Rxd8 25. Rd1 Rxd1+ 26. Bxd1 Nd5 27. Qd4+
Kg8 28. c4 Nf4 29. b3 e5 30. Qd7 Ne6 31. Qd5 Nf4 32. Qd7 Ne6 33. Qd3 Qb6 34. Qc3
Qg1 35. Kd2 Nd4 36. c5 1/2-1/2

[Event "Gibraltar Masters 2020"]
[Site "Caleta ENG"]
[Date "2020.01.21"]
[Round "1.59"]
[White "Paramzina, Anastasya"]
[Black "Bellahcene, Bilel"]
[Result "0-1"]
[WhiteTitle "WGM"]
[BlackTitle "GM"]
[WhiteElo "2224"]
[BlackElo "2536"]
[WhiteFideId "4165012"]
[BlackFideId "696358"]
[EventDate "2020.01.21"]

1. e4 e5 2. Nf3 Nc6 3. Bc4 Nf6 4. d3 h6 5. O-O d6 6. c3 g5 7. a4 Bg7 8. b4 Ne7
9. Re1 O-O 10. Nbd2 Ng6 11. Nf1 d5 12. exd5 Nxd5 13. Bb2 g4 14. N3d2 Ndf4 15.
Nb3 b6 16. Ne3 h5 17. d4 Bb7 18. Bf1 exd4 19. Nxd4 Qg5 20. Qc2 Nh4 21. Ndf5 Nh3+
22. Kh1 Be5 23. a5 Be4 24. Bd3 Bxd3 25. Qd2 Bxf5 0-1

[Event "Gibraltar Masters 2020"]
[Site "Caleta ENG"]
[Date "2020.01.21"]
[Round "1.60"]
[White "Moroni, Luca Jr"]
[Black "Weisbuch, Udi"]
[Result "1-0"]
[WhiteTitle "GM"]
[BlackTitle "FM"]
[WhiteElo "2532"]
[BlackElo "2222"]
[WhiteFideId "865834"]
[BlackFideId "2801302"]
[EventDate "2020.01.21"]

1. e4 e6 2. d4 d5 3. Nc3 dxe4 4. Nxe4 Nf6 5. Nxf6+ Qxf6 6. Nf3 h6 7. Bd3 Bd6 8.
O-O Nc6 9. Re1 O-O 10. Be4 Rd8 11. Be3 Bd7 12. c4 Be8 13. Qb3 Rab8 14. Rad1 b6
15. Bb1 Ne7 16. Qc2 Ng6 17. d5 e5 18. a3 c6 19. Nd2 cxd5 20. cxd5 Rbc8 21. Qd3
Qh4 22. Ne4 Bf8 23. Ng3 Qa4 24. Nf5 Bb5 25. Qd2 Bc4 26. d6 Be6 27. Qe2 Rd7 28.
Qh5 Re8 29. b4 Nf4 30. Nxh6+ gxh6 31. Qxe5 Ng6 32. Qh5 Bb3 33. Rd2 Re5 34. Qg4
Be6 35. Qg3 Bf5 36. f4 Rb5 37. Bxf5 Rxf5 38. Qg4 Rf6 39. f5 Rdxd6 40. Rxd6 Rxd6
41. Bf4 Rc6 42. fxg6 Rxg6 43. Qf3 a5 44. h4 Qc6 45. Qxc6 Rxc6 46. Re8 Kg7 47. b5
Bc5+ 48. Kh2 Re6 49. Rxe6 fxe6 50. a4 h5 51. g4 Kg6 52. Kg3 Bd4 53. Kf3 Bf6 54.
Be3 Bd8 55. gxh5+ Kxh5 56. Ke4 Bc7 57. Bf4 Bd8 58. Bd6 Bxh4 59. Ke5 Kg5 60. Kxe6
Bf2 61. Bc7 Be3 62. Kd5 Kf5 63. Kc6 Ke6 64. Bxb6 Bd2 65. Bc7 1-0

[Event "Gibraltar Masters 2020"]
[Site "Caleta ENG"]
[Date "2020.01.21"]
[Round "1.61"]
[White "Oragwu, Chukwunonso"]
[Black "Baron, Tal"]
[Result "0-1"]
[WhiteTitle "FM"]
[BlackTitle "GM"]
[WhiteElo "2220"]
[BlackElo "2529"]
[WhiteFideId "8501254"]
[BlackFideId "2809958"]
[EventDate "2020.01.21"]

1. e4 c5 2. Nf3 e6 3. d4 cxd4 4. Nxd4 Nf6 5. Bd3 Nc6 6. Nxc6 bxc6 7. O-O d5 8.
Nd2 Be7 9. b3 O-O 10. Bb2 a5 11. a4 Ba6 12. Bxa6 Rxa6 13. Qe2 Rb6 14. Rad1 Qc7
15. Qf3 Rd8 16. Rfe1 Nd7 17. Qh3 Bf6 18. Bxf6 Nxf6 19. Qc3 Rb7 20. h3 h6 21. Qf3
Qb8 22. Qc3 Qa7 23. Re2 Qa6 24. Ree1 Rb4 25. e5 Nd7 26. Nf3 c5 27. Rb1 Rc8 28.
Qd2 Qb7 29. Qd1 Rb8 30. Ra1 Qc7 31. Qe2 Re4 32. Qd2 Rbb4 33. Rxe4 dxe4 34. Rd1
Nf8 35. Qd6 Qxd6 36. exd6 exf3 37. d7 Nxd7 38. Rxd7 fxg2 39. Rc7 c4 40. Rc8+ Kh7
41. Rxc4 Rxc4 42. bxc4 Kg6 43. Kxg2 Kf6 44. Kf3 Ke5 45. Ke3 g5 46. c3 f5 47. f3
Kd6 0-1

[Event "Gibraltar Masters 2020"]
[Site "Caleta ENG"]
[Date "2020.01.21"]
[Round "1.62"]
[White "Beliavsky, Alexander G"]
[Black "Wall, Tim P"]
[Result "1/2-1/2"]
[WhiteTitle "GM"]
[BlackTitle "FM"]
[WhiteElo "2529"]
[BlackElo "2218"]
[WhiteFideId "14602377"]
[BlackFideId "401641"]
[EventDate "2020.01.21"]

1. d4 f5 2. g3 Nf6 3. Bg2 g6 4. c4 Bg7 5. Nc3 O-O 6. Nf3 d6 7. O-O Qe8 8. Re1
Qf7 9. e4 fxe4 10. Ng5 Qxc4 11. Ngxe4 c6 12. d5 Bg4 13. f3 Bf5 14. Nxf6+ Bxf6
15. g4 Bd3 16. Bh6 Rf7 17. Rc1 Qa6 18. Kh1 c5 19. Re3 c4 20. Bh3 Bd4 21. Rxd3
cxd3 22. g5 Be3 23. Ne4 Bxc1 24. Qxc1 Nc6 25. dxc6 Qxc6 26. Qe3 Qd5 27. Kg2 Kh8
28. Nc3 Qe5 29. Qxd3 Rf4 30. Ne2 Rb4 31. b3 e6 32. f4 Qe4+ 33. Qxe4 Rxe4 34. Kf3
d5 35. Ng3 Re1 36. Kf2 Ra1 37. Bxe6 Rxa2+ 38. Kf3 Rd8 39. f5 Ra6 40. Kf4 d4 41.
Ke5 d3 42. f6 Rxe6+ 43. Kxe6 d2 44. Kf7 Rd7+ 45. Kf8 Rd8+ 46. Kf7 1/2-1/2

[Event "Gibraltar Masters 2020"]
[Site "Caleta ENG"]
[Date "2020.01.21"]
[Round "1.63"]
[White "Cherniack, Alex"]
[Black "Kotronias, Vasilios"]
[Result "0-1"]
[BlackTitle "GM"]
[WhiteElo "2211"]
[BlackElo "2526"]
[WhiteFideId "2007606"]
[BlackFideId "5900212"]
[EventDate "2020.01.21"]

1. d4 Nf6 2. c4 c5 3. d5 b5 4. cxb5 a6 5. bxa6 g6 6. Nc3 Bxa6 7. Nf3 d6 8. g3
Bg7 9. Bg2 Nbd7 10. Rb1 O-O 11. O-O Qa5 12. Bd2 Qc7 13. b3 Nb6 14. Nh4 Bb7 15.
Bc1 Nfd7 16. Nb5 Qc8 17. a3 c4 18. Be3 Nc5 19. b4 Nca4 20. Bd4 Bxd4 21. Qxd4 Qd7
22. Nc3 Nxc3 23. Qxc3 Rfc8 24. e4 Na4 25. Qc2 c3 26. Ra1 Ba6 27. Rfe1 Bc4 28.
Nf3 e5 29. dxe6 Qxe6 30. Nd4 Qe5 31. Ne2 Bxe2 32. Rxe2 Nb2 33. Re3 Rc7 34. Bf1
Qd4 35. h4 Kg7 36. Kg2 h6 37. Kg1 g5 38. hxg5 hxg5 39. Bh3 Rc6 40. Bg4 Qd2 41.
Qb3 Nd3 42. Be2 Qb2 43. Qa2 Qxa2 44. Rxa2 Nxb4 45. Ra1 Nc2 0-1

[Event "Gibraltar Masters 2020"]
[Site "Caleta ENG"]
[Date "2020.01.21"]
[Round "1.64"]
[White "Hjartarson, Johann"]
[Black "De Lange, Job"]
[Result "1-0"]
[WhiteTitle "GM"]
[WhiteElo "2524"]
[BlackElo "2211"]
[WhiteFideId "2300044"]
[BlackFideId "1001191"]
[EventDate "2020.01.21"]

1. e4 g6 2. d4 Bg7 3. Nf3 d6 4. Bc4 Nf6 5. Qe2 O-O 6. e5 dxe5 7. dxe5 Nd5 8. h3
Be6 9. O-O Nd7 10. Re1 c6 11. a4 a5 12. Bd2 Qc8 13. Na3 N7b6 14. Bb3 Nb4 15.
Bxe6 Qxe6 16. b3 Rad8 17. Rad1 h6 18. Qe4 Qf5 19. Qxf5 gxf5 20. Kf1 Rd7 21. Bc1
Rfd8 22. Rxd7 Rxd7 23. Bd2 Rd5 24. Re2 e6 25. g4 fxg4 26. hxg4 Nd7 27. c3 Na6
28. Nc4 Nac5 29. Nxa5 Nd3 30. c4 Rxa5 31. Bxa5 N7xe5 32. Nxe5 Nxe5 33. Bc7 Nxg4
34. f3 Nf6 35. Rd2 Kh7 36. Rd8 1-0

[Event "Gibraltar Masters 2020"]
[Site "Caleta ENG"]
[Date "2020.01.21"]
[Round "1.65"]
[White "Byron, Alan M"]
[Black "Kozak, Adam"]
[Result "0-1"]
[BlackTitle "IM"]
[WhiteElo "2208"]
[BlackElo "2523"]
[WhiteFideId "401773"]
[BlackFideId "753246"]
[EventDate "2020.01.21"]

1. e4 c5 2. Nc3 d6 3. Nge2 Nf6 4. g3 g6 5. Bg2 Nc6 6. d4 cxd4 7. Nxd4 Nxd4 8.
Qxd4 Bg7 9. O-O O-O 10. Qd3 Be6 11. Nd5 Bxd5 12. exd5 Nd7 13. c3 Bf6 14. Be3 Re8
15. Rfd1 Qc7 16. Qe2 Ne5 17. Bd4 Kg7 18. Bh3 h5 19. Bxe5 Bxe5 20. f4 Bf6 21. Rd2
Rh8 22. Rf1 Rab8 23. Bg2 b5 24. a3 a5 25. h4 Qc5+ 26. Kh2 Rbc8 27. Be4 b4 28.
cxb4 axb4 29. a4 b3 30. Ra1 Qa5 31. Ra3 Qb4 32. Rd1 Rc4 33. Bb1 Rhc8 34. Qf3
Rc2+ 35. Bxc2 bxc2 0-1

[Event "Gibraltar Masters 2020"]
[Site "Caleta ENG"]
[Date "2020.01.21"]
[Round "1.66"]
[White "Krysa, Leandro"]
[Black "Cholleti, Sahajasri"]
[Result "1-0"]
[WhiteTitle "GM"]
[BlackTitle "WFM"]
[WhiteElo "2522"]
[BlackElo "2202"]
[WhiteFideId "116807"]
[BlackFideId "5045118"]
[EventDate "2020.01.21"]

1. c4 c5 2. Nc3 Nc6 3. Nf3 g6 4. e3 Nf6 5. d4 cxd4 6. exd4 d5 7. cxd5 Nxd5 8.
Qb3 e6 9. Bb5 Bg7 10. O-O O-O 11. Bxc6 bxc6 12. Re1 Qb6 13. Qc2 Nb4 14. Qd1 Ba6
15. Na4 Qb5 16. Nc5 Bc8 17. Bg5 Nd5 18. Qc1 a5 19. Bh6 Rd8 20. Ne5 Bh8 21. a4
Qb6 22. Ra3 Qc7 23. Rf3 f6 24. Nc4 Qe7 25. Bd2 f5 26. Nxa5 Qc7 27. b4 Bxd4 28.
Nxe6 Bxe6 29. Rxe6 c5 30. Nc6 Rdc8 31. Qc4 Qd7 32. Ne7+ Kf7 33. Re1 Rd8 34. b5
Kg7 35. Nc6 Nb6 36. Qb3 Re8 37. Nxd4 cxd4 38. a5 Nd5 39. h3 Nf6 40. Rxe8 Rxe8
41. Qb2 Ne4 42. Rd3 Nxd2 43. Rxd2 Rd8 44. b6 Qa4 45. b7 Qxa5 46. Rxd4 Qe1+ 47.
Kh2 Qe5+ 48. f4 1-0

[Event "Gibraltar Masters 2020"]
[Site "Caleta ENG"]
[Date "2020.01.21"]
[Round "1.67"]
[White "Mohota, Nisha"]
[Black "Libiszewski, Fabien"]
[Result "0-1"]
[WhiteTitle "IM"]
[BlackTitle "GM"]
[WhiteElo "2201"]
[BlackElo "2522"]
[WhiteFideId "5004330"]
[BlackFideId "616834"]
[EventDate "2020.01.21"]

1. d4 Nf6 2. c4 g6 3. Nc3 Bg7 4. e4 d6 5. Be2 O-O 6. Bg5 Na6 7. Nf3 h6 8. Be3 e5
9. O-O Ng4 10. Bc1 c6 11. d5 f5 12. g3 cxd5 13. cxd5 Nf6 14. Nh4 fxe4 15. Nxg6
Rf7 16. Be3 Bh3 17. Re1 Rc8 18. Nb5 Nb4 19. Nxa7 Ra8 20. Qb3 Nd3 21. Red1 Ng4
22. Bb6 Qf6 23. Bxd3 exd3 24. Nh4 Nxf2 25. Rxd3 Nxd3 26. Qxd3 Raf8 27. Ng2 e4
28. Qe2 Qd4+ 29. Bxd4 Bxd4+ 30. Qe3 Bxe3+ 31. Nxe3 Rf3 32. Ng2 e3 33. Nf4 R8xf4 0-1

[Event "Gibraltar Masters 2020"]
[Site "Caleta ENG"]
[Date "2020.01.21"]
[Round "1.68"]
[White "Sadhwani, Raunak"]
[Black "Enkhtuul, Altan-Ulzii"]
[Result "1/2-1/2"]
[WhiteTitle "IM"]
[BlackTitle "WGM"]
[WhiteElo "2522"]
[BlackElo "2200"]
[WhiteFideId "35093487"]
[BlackFideId "4901444"]
[EventDate "2020.01.21"]

1. e4 c5 2. Nf3 d6 3. d4 cxd4 4. Nxd4 Nf6 5. Nc3 a6 6. h4 e5 7. Nb3 Be6 8. f4
exf4 9. Bxf4 Nc6 10. Qd2 d5 11. exd5 Nxd5 12. Nxd5 Qxd5 13. Qxd5 Bxd5 14. O-O-O
O-O-O 15. g3 Bd6 16. Bh3+ Kc7 17. Rhf1 Bxf4+ 18. Rxf4 Bxb3 19. axb3 Rxd1+ 20.
Kxd1 f6 21. h5 Rd8+ 22. Kc1 Rd6 23. Rg4 Rd7 24. h6 gxh6 25. Rf4 Rd6 26. Rh4 Nd4
27. Rxh6 Ne2+ 28. Kb1 b5 29. Rxh7+ Kb6 30. b4 Rd1+ 31. Ka2 Rh1 32. b3 a5 33. Ka3
Ra1+ 34. Kb2 Rh1 35. Re7 Rxh3 36. Re6+ Kc7 37. Rxe2 axb4 38. g4 Rh4 39. Re4 Kc6
40. Rxb4 f5 41. Rf4 1/2-1/2

[Event "Gibraltar Masters 2020"]
[Site "Caleta ENG"]
[Date "2020.01.21"]
[Round "1.69"]
[White "Onabogun, Kolade"]
[Black "Flom, Gabriel"]
[Result "0-1"]
[BlackTitle "IM"]
[WhiteElo "2198"]
[BlackElo "2510"]
[WhiteFideId "8500410"]
[BlackFideId "621650"]
[EventDate "2020.01.21"]

1. e4 c6 2. Nc3 d5 3. Nf3 Nf6 4. e5 Ne4 5. Qe2 Nxc3 6. dxc3 Bg4 7. h3 Bxf3 8.
Qxf3 e6 9. Bf4 Nd7 10. O-O-O Be7 11. Bd3 Bg5 12. Rhe1 b5 13. Re3 h6 14. Qg4 a5
15. h4 Bxf4 16. Qxf4 g5 17. Qg4 gxh4 18. Qg7 Ke7 19. Qg4 Qg8 20. Qxh4+ Qg5 21.
Qh2 Rag8 22. Rg1 h5 23. f4 Qh6 24. Qh4+ Ke8 25. Be2 Qf8 26. Bxh5 Nb6 27. Rh3 b4
28. Qf6 Rxh5 29. Rxh5 bxc3 30. Rh7 d4 31. Rgh1 Nd5 32. Qh4 Qb4 0-1

[Event "Gibraltar Masters 2020"]
[Site "Caleta ENG"]
[Date "2020.01.21"]
[Round "1.70"]
[White "Gordon, Stephen J"]
[Black "Janzelj, Lara"]
[Result "1-0"]
[WhiteTitle "GM"]
[BlackTitle "WIM"]
[WhiteElo "2504"]
[BlackElo "2195"]
[WhiteFideId "411477"]
[BlackFideId "14608391"]
[EventDate "2020.01.21"]

1. c4 c6 2. Nf3 d5 3. e3 Nf6 4. Nc3 a6 5. d4 b5 6. b3 Bg4 7. a4 b4 8. Ne2 a5 9.
Ne5 Bh5 10. Qc2 Bg6 11. Nxg6 hxg6 12. g3 e6 13. Bg2 Bd6 14. c5 Be7 15. f4 Nbd7
16. Bd2 Qc8 17. Bf3 Qa6 18. g4 Rh4 19. g5 Ng4 20. h3 1-0

[Event "Gibraltar Masters 2020"]
[Site "Caleta ENG"]
[Date "2020.01.21"]
[Round "1.71"]
[White "Zhou, Guijue"]
[Black "Kosteniuk, Alexandra"]
[Result "1-0"]
[WhiteTitle "WIM"]
[BlackTitle "GM"]
[WhiteElo "2193"]
[BlackElo "2504"]
[WhiteFideId "8602905"]
[BlackFideId "4128125"]
[EventDate "2020.01.21"]

1. e4 e5 2. Nf3 Nc6 3. d4 exd4 4. Nxd4 Nf6 5. Nxc6 bxc6 6. e5 Qe7 7. Qe2 Nd5 8.
h4 Qe6 9. g3 Nb6 10. Bh3 f5 11. O-O d5 12. Nd2 c5 13. a4 a5 14. Re1 Be7 15. Nf3
h6 16. c3 g5 17. Bg2 Rg8 18. hxg5 hxg5 19. Qc2 Bd7 20. b3 f4 21. Nh2 Rh8 22. Nf1
fxg3 23. Nxg3 O-O-O 24. Qe2 Bc6 25. Bd2 Rh4 26. Rab1 d4 27. Qf1 Rdh8 28. c4 Rh2
29. Re4 Qh6 30. Qd3 Rxg2+ 31. Kxg2 Qh3+ 32. Kf3 Rh4 33. Ke2 Bxe4 34. Nxe4 Qf5
35. Nd6+ 1-0

[Event "Gibraltar Masters 2020"]
[Site "Caleta ENG"]
[Date "2020.01.21"]
[Round "1.72"]
[White "Petrov, Martin"]
[Black "Alboredo, Julia"]
[Result "1-0"]
[WhiteTitle "IM"]
[BlackTitle "WFM"]
[WhiteElo "2504"]
[BlackElo "2190"]
[WhiteFideId "2911086"]
[BlackFideId "2124807"]
[EventDate "2020.01.21"]

1. e4 c5 2. Nf3 Nc6 3. d4 cxd4 4. Nxd4 Nf6 5. Nc3 d6 6. Bg5 e6 7. Qd2 Be7 8.
O-O-O a6 9. Nxc6 bxc6 10. Bxf6 gxf6 11. Bc4 Rb8 12. Rhe1 h5 13. f4 Qa5 14. Bb3
Bd7 15. f5 Qe5 16. Ne2 c5 17. c3 Bb5 18. fxe6 fxe6 19. Nf4 c4 20. Ng6 Qg5 21.
Qxg5 fxg5 22. Nxh8 cxb3 23. axb3 Bf6 24. Ng6 Kf7 25. c4 Bxc4 26. bxc4 Kxg6 27.
Rxd6 Bxb2+ 28. Kc2 Bg7 29. Rb1 Rc8 30. Kd3 1-0

[Event "Gibraltar Masters 2020"]
[Site "Caleta ENG"]
[Date "2020.01.21"]
[Round "1.73"]
[White "Ajele, Rotimi"]
[Black "Barbosa, Evandro Amorim"]
[Result "0-1"]
[BlackTitle "GM"]
[WhiteElo "2188"]
[BlackElo "2501"]
[WhiteFideId "8502994"]
[BlackFideId "2115824"]
[EventDate "2020.01.21"]

1. d4 Nf6 2. c4 g6 3. Nc3 d5 4. cxd5 Nxd5 5. e4 Nxc3 6. bxc3 Bg7 7. Be3 c5 8.
Qd2 Qa5 9. Rb1 a6 10. Nf3 O-O 11. Be2 Nc6 12. h3 cxd4 13. cxd4 Qxd2+ 14. Kxd2
Rd8 15. Kc3 b5 16. Rhd1 Be6 17. Kb2 Rab8 18. Rbc1 Na5 19. Bf4 Rb7 20. Rc7 Bc4
21. Rxb7 Bxe2 22. Bc7 Nxb7 23. Rd2 Rc8 0-1

[Event "Gibraltar Masters 2020"]
[Site "Caleta ENG"]
[Date "2020.01.21"]
[Round "1.74"]
[White "Lei, Tingjie"]
[Black "Podetti, Davide"]
[Result "1-0"]
[WhiteTitle "GM"]
[WhiteElo "2493"]
[BlackElo "2187"]
[WhiteFideId "8605114"]
[BlackFideId "893617"]
[EventDate "2020.01.21"]

1. e4 e5 2. Nf3 Nc6 3. Bb5 a6 4. Ba4 Nf6 5. O-O Be7 6. Re1 b5 7. Bb3 d6 8. c3
O-O 9. h3 Bb7 10. d4 Re8 11. Nbd2 Bf8 12. d5 Nb8 13. Nf1 Nbd7 14. Ng3 g6 15. Bg5
h6 16. Be3 Nc5 17. Bc2 c6 18. b4 Ncd7 19. dxc6 Bxc6 20. Qd2 Kh7 21. Bb3 Qe7 22.
Qd3 Red8 23. Nd2 Bg7 24. a4 Nf8 25. c4 bxc4 26. Nxc4 d5 27. Nb6 d4 28. Bd2 Ra7
29. Rac1 Be8 30. Nc8 1-0

[Event "Gibraltar Masters 2020"]
[Site "Caleta ENG"]
[Date "2020.01.21"]
[Round "1.75"]
[White "Bottke, Hartmut"]
[Black "Tan, Zhongyi"]
[Result "0-1"]
[BlackTitle "GM"]
[WhiteElo "2185"]
[BlackElo "2493"]
[WhiteFideId "4627873"]
[BlackFideId "8603642"]
[EventDate "2020.01.21"]

1. Nf3 d5 2. d4 Nf6 3. c4 e6 4. Nc3 Bb4 5. cxd5 exd5 6. Qa4+ Nc6 7. Bg5 h6 8.
Bxf6 Qxf6 9. Rc1 O-O 10. a3 Bxc3+ 11. Rxc3 Bg4 12. Rxc6 bxc6 13. Ne5 Be6 14.
Qxc6 Rab8 15. Qc3 c5 16. dxc5 d4 17. Qxd4 Rfd8 0-1

[Event "Gibraltar Masters 2020"]
[Site "Caleta ENG"]
[Date "2020.01.21"]
[Round "1.76"]
[White "Henderson de La Fuente, Lance"]
[Black "Tejaswini, Sagar"]
[Result "1-0"]
[WhiteTitle "GM"]
[BlackTitle "WIM"]
[WhiteElo "2492"]
[BlackElo "2180"]
[WhiteFideId "32096585"]
[BlackFideId "5054290"]
[EventDate "2020.01.21"]

1. d4 d5 2. Nf3 Nf6 3. c4 c6 4. e3 Bf5 5. Nc3 e6 6. Nh4 Be4 7. f3 Bg6 8. Qb3 Qc7
9. Bd2 Be7 10. Nxg6 hxg6 11. Rc1 Qd7 12. cxd5 exd5 13. Bd3 O-O 14. Ne2 b6 15.
Qa4 c5 16. Qxd7 Nbxd7 17. Kf2 c4 18. Bc2 b5 19. g4 Nb6 20. h4 a5 21. g5 Nfd7 22.
Rcg1 b4 23. Nf4 Bd6 24. h5 Bxf4 25. exf4 gxh5 26. Rxh5 f6 27. g6 Rfc8 28. Rgh1
Kf8 29. Re1 Kg8 30. Bf5 Rab8 31. Be6+ Kf8 32. Bxd7 1-0

[Event "Gibraltar Masters 2020"]
[Site "Caleta ENG"]
[Date "2020.01.21"]
[Round "1.77"]
[White "Mihajlov, Svetoslav"]
[Black "Bilguun, Sumiya"]
[Result "1-0"]
[WhiteTitle "CM"]
[BlackTitle "IM"]
[WhiteElo "2173"]
[BlackElo "2486"]
[WhiteFideId "1507168"]
[BlackFideId "4901541"]
[EventDate "2020.01.21"]

1. c4 e6 2. Nf3 c5 3. Nc3 b6 4. g3 Bb7 5. Bg2 Nf6 6. O-O Be7 7. b3 d6 8. d4 cxd4
9. Nxd4 Bxg2 10. Kxg2 Qc8 11. Bb2 Nbd7 12. e4 Qb7 13. f3 a6 14. Qe2 h5 15. Rfe1
h4 16. Nd5 Bf8 17. Nxf6+ Nxf6 18. g4 h3+ 19. Kh1 Be7 20. a4 Nd7 21. Bc3 Ne5 22.
f4 Ng6 23. f5 Nf4 24. Qf3 e5 25. Ne2 Ng2 26. Red1 Rd8 27. Bd2 Nh4 28. Qd3 g6 29.
fxg6 Nxg6 30. Nc3 Qd7 31. Rg1 Rb8 32. Raf1 Bd8 33. Rf3 Rh4 34. Rf5 Qe6 35. Nd5
Rb7 36. Qe2 Rh8 37. Rh5 Rg8 38. Rxh3 Ne7 39. Rh6 Rg6 40. Rh8+ Kd7 41. Rh5 b5 42.
axb5 axb5 43. Be3 Nxd5 44. cxd5 Qf6 45. Rh7 Rg7 46. g5 Qg6 47. Qg4+ Ke8 48. Rh6
f5 49. Qxf5 Qxf5 50. exf5 Rbf7 51. Rh8+ Rf8 52. Rxf8+ Kxf8 53. g6 Rg8 54. Bh6+
Ke8 55. Ra1 Rh8 56. g7 Rg8 57. Ra7 Bf6 58. Kg2 e4 59. Ra8+ Kf7 60. Rf8+ 1-0

[Event "Gibraltar Masters 2020"]
[Site "Caleta ENG"]
[Date "2020.01.21"]
[Round "1.78"]
[White "Gines Esteo, Pedro Antonio"]
[Black "Hapala, Elisabeth"]
[Result "1-0"]
[WhiteTitle "IM"]
[BlackTitle "WFM"]
[WhiteElo "2482"]
[BlackElo "2170"]
[WhiteFideId "32080190"]
[BlackFideId "1622080"]
[EventDate "2020.01.21"]

1. Nf3 d5 2. g3 Nf6 3. Bg2 Bf5 4. O-O e6 5. c4 c6 6. cxd5 exd5 7. d3 Be7 8. Qb3
Qb6 9. Qc2 Nbd7 10. Nc3 O-O 11. e4 Bg4 12. Be3 Qa6 13. h3 Bxf3 14. Bxf3 Rac8 15.
Kg2 Rfd8 16. Be2 b6 17. d4 Qb7 18. e5 Ne8 19. f4 c5 20. Bf3 cxd4 21. Bxd4 Nc7
22. Qd2 Nc5 23. f5 Ne4 24. Qf4 Nxc3 25. bxc3 Bf8 26. Rab1 Qc6 27. Be2 Re8 28. e6
fxe6 29. f6 gxf6 30. Qxf6 1-0

[Event "Gibraltar Masters 2020"]
[Site "Caleta ENG"]
[Date "2020.01.21"]
[Round "1.79"]
[White "Jansen, Guido"]
[Black "Raja, Harshit"]
[Result "1/2-1/2"]
[BlackTitle "IM"]
[WhiteElo "2162"]
[BlackElo "2482"]
[WhiteFideId "1014650"]
[BlackFideId "5089000"]
[EventDate "2020.01.21"]

1. d4 Nf6 2. c4 e6 3. g3 c5 4. d5 exd5 5. cxd5 d6 6. Nc3 g6 7. Bg2 Bg7 8. Nf3
O-O 9. O-O Re8 10. Bf4 h6 11. Re1 a6 12. a4 Bf5 13. Nh4 Bc8 14. Nf3 Ne4 15. Nxe4
Rxe4 16. Nd2 Rb4 17. Ra2 g5 18. Be3 Nd7 19. Qc1 Ne5 20. Nf3 Qf6 21. Nxe5 Qxe5
22. Bd2 Rxb2 23. Rxb2 Qxb2 24. Qxb2 Bxb2 25. h4 c4 26. hxg5 hxg5 27. a5 Bg4 28.
Bxg5 Rc8 29. Be4 Re8 30. f3 f5 31. fxg4 fxe4 32. Kf2 Bd4+ 33. e3 Bg7 34. Bf4 c3
35. Ke2 Kf7 36. Rb1 Re7 37. Kd1 Rc7 38. Kc2 Rc5 39. Rxb7+ Kg8 40. Bxd6 Rxd5 41.
Bb4 Rd2+ 42. Kc1 Rd3 43. Bc5 Bh6 44. Rb6 Bxe3+ 45. Bxe3 Rxe3 46. Rxa6 Rxg3 47.
Kc2 Kf7 48. Rc6 Rxg4 49. Kxc3 Ke7 50. Kd4 Kd7 51. Rh6 1/2-1/2

[Event "Gibraltar Masters 2020"]
[Site "Caleta ENG"]
[Date "2020.01.21"]
[Round "1.80"]
[White "Gagare, Shardul"]
[Black "Giacomini, Hector"]
[Result "1-0"]
[WhiteTitle "GM"]
[WhiteElo "2481"]
[BlackElo "2161"]
[WhiteFideId "5037883"]
[BlackFideId "605352"]
[EventDate "2020.01.21"]

1. e4 c6 2. d4 d5 3. e5 c5 4. dxc5 e6 5. a3 Bxc5 6. Qg4 Ne7 7. Nf3 O-O 8. Bd3
Ng6 9. O-O Nc6 10. Re1 f5 11. Qg3 Qc7 12. b4 Be7 13. Bb2 a5 14. b5 Nb8 15. c4
dxc4 16. Rc1 Nd7 17. Rxc4 Nc5 18. Nc3 Rd8 19. Bc2 b6 20. h4 Bb7 21. h5 Nf8 22.
Nd4 Rd7 23. Bc1 Qd8 24. Nc6 Bxc6 25. bxc6 Rd4 26. Bh6 g6 27. c7 Qd7 28. Rxd4
Qxd4 29. Rd1 Qh4 30. Qxh4 Bxh4 31. Bxf8 Kxf8 32. Na4 Rc8 33. Nxc5 bxc5 34. Rd7
Be7 35. Bd3 1-0